| 000 | 01259cad a22002655a 4500 | ||
|---|---|---|---|
| 001 | L153912 | ||
| 008 | 110920s2011 xxk f 000 0 eng d | ||
| 020 | _a9781842197028 | ||
| 035 | _a(Sirsi) u153912 | ||
| 041 | 0 | _aeng | |
| 110 | 2 |
_aRoyal Institution of Chartered Surveyors _94900 |
|
| 245 | 0 | 0 |
_aSustainability and residential property valuation _h[archived] |
| 260 |
_aCoventry _bRICS _c2011 |
||
| 490 | 0 |
_aRICS Information Paper _vIP 22/2011 |
|
| 520 | _aOut of date, archived 13/04/2015. | ||
| 520 | _aIncludes reference to the main UK legislative and regulatory provisions that impact, or are considered likely to impact, residential value, and points to areas of future legislation of other potential significance. It details environmental factors including energy, waste, water and flooding, together with social factors such as accessibility and health and wellbeing. | ||
| 590 | _aKA NTK | ||
| 650 | 2 | 4 | _aRESIDENTIAL PROPERTY |
| 650 | 2 | 4 | _aRICS VALUATION STANDARDS |
| 650 | 2 | 4 | _aSUSTAINABILITY |
| 651 | 4 | _aUnited Kingdom | |
| 690 |
_aValuation _96273 |
||
| 856 | 4 | 0 |
_uhttps://www.isurv.com/downloads/download/1405/sustainability_and_residential_property_valuation_archived _zArchived on isurv (subscription required) |
| 942 |
_n0 _2ddc |
||
| 999 |
_c112762 _d112762 |
||